000 00336nam a22001457a 4500
008 250423b ||||| |||| 00| 0 eng d
020 _a9780716750130
041 _aeng
080 _21991
_a618DRE
082 _2618DRE
_a618DRE
100 _a4
101 _aBIOKOMI
245 _aDISCOVERING ENZYMES
_cDAVID DRESSLER
942 _2udc
_cBK
999 _c60690
_d60690